Island Countries in Order by Descending Size - Statistics

General Stats
  • This quiz has been taken 56 times
  • The average score is 18 of 47
Answer Stats
km² Country % Correct
1,904,569 Indonesia
94%
587,041 Madagascar
82%
377,930 Japan
76%
109,884 Cuba
74%
103,000 Iceland
68%
270,467 New Zealand
68%
462,840 Papua NewGuinea
68%
242,900 United Kingdom
68%
342,353 Philippines
65%
70,273 Ireland
62%
21 Nauru
62%
65,610 Sri Lanka
53%
26 Tuvalu
53%
48,671 DominicanRepublic
47%
27,750 Haiti
44%
10,991 Jamaica
44%
36,193 Taiwan
44%
28,896 Solomon Islands
41%
261 Saint Kittsand Nevis
35%
13,943 Bahamas
32%
18,272 Fiji
32%
9,251 Cyprus
29%
316 Malta
29%
616 Saint Lucia
29%
5,130 Trinidad andTobago
29%
1,862 Comoros
26%
459 Palau
26%
389 Saint Vincent andthe Grenadines
26%
2,842 Samoa
26%
5,765 Brunei
24%
14,874 East Timor
24%
181 Marshall Islands
24%
747 Tonga
24%
12,189 Vanuatu
24%
4,033 Cape Verde
21%
344 Grenada
21%
811 Kiribati
21%
300 Maldives
21%
2,040 Mauritius
21%
965 Sao Tomeand Principe
21%
442 Antigua andBarbuda
18%
765 Bahrain
18%
430 Barbados
18%
751 Dominica
18%
710 Singapore
18%
702 Federated Statesof Micronesia
15%
452 Seychelles
15%
No matching quizzes found
Score Distribution
Percent of People with Each Score
Percentile by Number Answered
Your Score History
You have not taken this quiz